10 największych miast w śląskim - Statystyki

Ogólne statystyki
  • Ten quiz został rozwiązany 330 razy
  • Średni wynik to 8 z 10
Statystyki odpowiedzi
Liczba ludności Miasto % Poprawnych
303 314 Katowice
98%
184 993 Gliwice
87%
210 249 Sosnowiec
84%
177 815 Zabrze
83%
231 527 Częstochowa
78%
172 762 Bytom
73%
173 462 Bielsko-Biała
66%
140 094 Rybnik
66%
128 698 Tychy
66%
141 090 Ruda Śląska
64%
Nie znaleziono quizów pasujących do podanych kryteriów
Rozkład punktacji
Procent ludzi z każdym wynikiem
Percentyl według liczby udzielonych odpowiedzi
Twoja historia wyników
Nie rozwiązałeś tego quizu